El Parlamento y la causa de la mujer /
Guardado en:
| 主要作者: | |
|---|---|
| 格式: | Texto |
| 主題: | |
| 標簽: |
添加標簽
沒有標簽, 成為第一個標記此記錄!
|
MARC
| LEADER | 00000 a a2200000 04500 | ||
|---|---|---|---|
| 001 | 17124 | ||
| 003 | |||
| 040 | |||
| 100 | |a Merino del Río, José | ||
| 245 | |a El Parlamento y la causa de la mujer / |c José Merino del Río | ||
| 650 | |a PARLAMENTO | ||
| 650 | |a MUJERES | ||
| 650 | |a DERECHOS HUMANOS | ||
| 650 | |a LEGISLACION | ||
| 650 | |a DISCRIMINACION BASADA EN EL SEXO | ||
| 650 | |a SOCIALIZACION | ||
| 650 | |a CULTURA | ||
| 773 | |g volumen 7, número 1; páginas 177-180 | ||
| 999 | |c 20731 |d 20731 | ||
